000 00421nam a2200193Ia 4500
005 20240823040321.0
008 240823s9999||||xx |||||||||||||| ||und||
020 _a978-81-237-2122-4
041 _aENGLISH
082 _A920 Q1
100 _aAyer S A
245 0 _aStory of I N A
250 _a1st
260 _c2011
_bNational Book
500 _aYES
650 _aGEN
_bGeneral
942 _cBK
999 _c202813
_d202813